000 00333nam a2200133Ia 4500
005 20251222140042.0
008 251222s1900||||xx |||||||||||||| ||spa||
020 _a8440475349
082 _a174/G46
100 _aGiménez-Cassina, Alfredo y otros
245 0 _aÉtica Empresarial
264 _bAcción Social Empresaial
942 _cLIB
999 _c3310
_d3310